000 00541nam a2200181Ia 4500
001 17250
005 20260306170411.0
008 260306t2013||||xx |||||||||||||| ||und||
041 _aESP
082 _a657.61
_bE92
100 _aEstupiñán Gaitán, Rodrigo
_eAUT
245 0 _aNIC/NIIF transición y adopción en la empresa:
_bimplementación por primera vez de las NIIF plenas o Full y de la NIIF para las PYMEs
260 _c2013
300 _a294 páginas :
_c24 cm.
650 _aGEN
654 _aCCO
942 _cLIB
_dJUS
_fJUS
_2ddc
_n
999 _c17250
_d17250